Making the fiscal year election : partnerships, S corporations, personal service corporations /

Bibliographic Details
Corporate Author: Commerce Clearing House
Format: Book
Language:English
Published: Chicago, Ill. (4025 West Peterson Ave., Chicago 60646) : Commerce Clearing House, [1988]
Subjects:

MARC

Tag First Indicator Second Indicator Subfields
LEADER 00000cam a2200000 a 4500
001 in00001141021
005 20150930095711.0
008 881107s1988 ilu b 001 0 eng
010 |a  88199672  
019 |a 18197374  |a 18205202  |a 18316353  |a 19239676 
035 |a (OCoLC)18297373 
035 |9 AGB5296AM 
040 |a DLC  |c DLC  |d TXA  |d UtOrBLW 
043 |a n-us--- 
049 |a TXAM 
050 0 0 |a KF6450.Z9  |b M35 1988 
082 0 |a 343.7305/268  |a 347.3035268  |2 20 
245 0 0 |a Making the fiscal year election :  |b partnerships, S corporations, personal service corporations /  |c by CCH Tax Law editors. 
264 1 |a Chicago, Ill. (4025 West Peterson Ave., Chicago 60646) :  |b Commerce Clearing House,  |c [1988] 
264 4 |c ©1988 
300 |a 32 pages ;  |c 23 cm. 
336 |a text  |b txt  |2 rdacontent 
337 |a unmediated  |b n  |2 rdamedia 
338 |a volume  |b nc  |2 rdacarrier 
500 |a "May 1988."--Title page verso. 
500 |a "Standard federal tax reports. 75th anniversary edition. Number 28, June 2, 1988, volume 75, part iii. 5205."--Cover. 
504 |a Includes bibliographical references and index. 
650 0 |a Business enterprises  |x Taxation  |z United States. 
650 0 |a Fiscal year  |x Law and legislation  |z United States. 
650 0 |a Tax accounting  |x Law and legislation  |z United States. 
710 2 |a Commerce Clearing House. 
999 |a MARS 
999 f f |s d482437c-1b88-3338-b0c5-0cbc4f800453  |i 1d129c07-8d82-3625-8abe-880694b487a9  |t 0 
952 f f |p ric  |a Texas A&M University  |b Rellis Campus  |c Joint Library Facility  |d Remote Storage  |t 0  |e KF6450.Z9 M35 1988  |h Library of Congress classification  |i unmediated -- volume  |m A14817562248 
998 f f |a KF6450.Z9 M35 1988  |t 0  |l Remote Storage